Music Quiz

Random Music Quiz

Can you name the studio albums by Paul McCartney Quiz Stats

 Plays Quiz not verified by Sporcle

Support Sporcle.
Go Orange.
Score 0/22 Timer 10:00
0 Plays Today
Release date Album % Correct
May 17, 1971Ram
92.8%
April 17, 1970McCartney
88.7%
May 16, 1980McCartney II
78.4%
October 31, 1983Pipes of Peace
75.3%
April 26, 1982Tug of War
74.2%
October 14, 2013New
63.9%
October 22, 1984Give My Regards to Broad Street
59.8%
August 22, 1986Press to Play
58.8%
May 5, 1997Flaming Pie
57.7%
June 5, 1989Flowers in the Dirt
55.7%
April 29, 1977Thrillington
54.6%
Release date Album % Correct
February 2, 1993Off the Ground
52.6%
October 4, 1999Run Devil Run
51.5%
February 6, 2012Kisses on the Bottom
51.5%
September 12, 2005Chaos and Creation in the Backyard
50.5%
November 12, 2001Driving Rain
49.5%
June 4, 2007Memory Almost Full
45.4%
October 3, 2011Ocean's Kingdom
22.7%
September 25, 1997Standing Stone
20.6%
November 1, 1999Working Classical
16.5%
September 25, 2006Ecce Cor Meum
15.5%
August 21, 2000Liverpool Sound Collage
13.4%

You're not logged in!

Compare scores with friends on all Sporcle quizzes.
OR
Log In

From the Vault

French Soccer Players

by smac17

Don't eat any French fish, they're poisson!
Remove Ads.
Support Sporcle.
Get the best of Sporcle when you Go Orange. This ad-free experience offers more features, more stats, and more fun while also helping to support Sporcle. Thank you for becoming a member.

Show Comments

Extras

Created Sep 29, 2013ReportNominate
Tags:Paul McCartney

Top Quizzes Today


Score Distribution

Your Account Isn't Verified!

In order to create a playlist on Sporcle, you need to verify the email address you used during registration. Go to your Sporcle Settings to finish the process.

Report this User

Report this user for behavior that violates our Community Guidelines.

Details: